Trendy v koncepci personálního managementu a řízení lidských zdrojů

Teoretické zhodnotenie nových trendov v personálnych činnostiach (získavanie a výber pracovníkov, vzdelávanie a rozvoj pracovníkov) a v riadení ľudských zdrojov. Korelačná analýza závislosti medzi technológiami a spomenutými trendmi.

Gespeichert in:
Bibliographische Detailangaben
1. Verfasser: Galovská, Marcela
Format: Buchkapitel
Sprache:Slowakisch
Schlagworte:
Tags: Tag hinzufügen
Keine Tags, Fügen Sie das erste Tag hinzu!

MARC

LEADER 00000nla a2200000 4500
001 0241083
005 20240502083646.9
041 0 |a slo 
044 |a CZ 
245 1 0 |a Trendy v koncepci personálního managementu a řízení lidských zdrojů  |c Marcela Galovská 
520 |a Teoretické zhodnotenie nových trendov v personálnych činnostiach (získavanie a výber pracovníkov, vzdelávanie a rozvoj pracovníkov) a v riadení ľudských zdrojov. Korelačná analýza závislosti medzi technológiami a spomenutými trendmi. 
610 2 0 |a riadenie personálne 
610 2 0 |a riadenie ľudských zdrojov 
610 2 0 |a kapitál ľudský 
610 2 0 |a pracovníci 
610 2 0 |a nábor pracovníkov 
610 2 0 |a výber pracovníkov 
610 2 0 |a vzdelávanie celoživotné 
610 2 0 |a vzdelávanie 
610 2 0 |a technológie nové 
610 2 0 |a rozvoj pracovníkov 
100 1 |a Galovská, Marcela